US Citizenship Test - Full Version - Statistics

General Stats
  • This quiz has been taken 734 times
    490 since last reset
  • The average score is 54 of 75
Answer Stats
Hint Answer % Correct
What is one right or freedom from the First Amendment? Speech | Religion | Assembly | Press | Petition the Government
93%
The idea of self-government is in the first three words of the Constitution. What are these words? We the People
93%
What do we call the first ten amendments to the Constitution? The Bill of Rights
92%
Name one branch or part of the government. Congress | Legislative | President | Executive | The Courts | Judicial
89%
We elect a President for how many years? 4
88%
If the President can no longer serve, who becomes President? The Vice President
88%
What is the name of the President of the United States now? Donald Trump
87%
In what month do we vote for President? November
87%
We elect a U.S. Senator for how many years? 6
85%
Who is in charge of the executive branch? The President
85%
Who does a U.S. Senator represent? All the people of the state
84%
What is the name of the Vice President of the United States now? JD Vance
84%
What is the political party of the President now? Republican
83%
Who vetoes bills? The President
83%
We elect a U.S. Representative for how many years? 2
82%
What are the two major political parties in the United States? Democratic and Republican
82%
Who signs bills to become laws? The President
82%
Why do some states have more Representatives than other states? The state's population
82%
What is the highest court in the United States? The Supreme Court
82%
How old do citizens have to be to vote for President? 18
81%
Who lived in America before the Europeans arrived? American Indians / Native Americans
81%
What is the supreme law of the land? The Constitution
81%
How many amendments does the Constitution have? 27
80%
How many justices are on the Supreme Court? 9
80%
What group of people was taken to America and sold as slaves? Africans
80%
What is the economic system in the United States? Capitalist Economy / Market Economy
79%
Who was the first President? George Washington
79%
If both the President and the Vice President can no longer serve, who becomes President? The Speaker of the House
79%
How many U.S. Senators are there? 100
77%
Who makes federal laws? Congress
76%
Who is the “Father of Our Country”? George Washington
76%
Name one problem that led to the Civil War. Slavery | Economy | State's rights
76%
Who is the Commander in Chief of the military? The President
76%
Who wrote the Declaration of Independence? Thomas Jefferson
76%
Name one war fought by the United States in the 1800s. War of 1812 | Mexican-American War | Civil War | Spanish-American War
76%
What territory did the United States buy from France in 1803? Louisiana
75%
Name the U.S. war between the North and the South. Civil War
74%
There were 13 original states. Name three. New Hampshire | Massachusetts | Rhode Island +10 more
74%
What do we show loyalty to when we say the Pledge of Allegiance? The United States / The flag
74%
Name one war fought by the United States in the 1900s. World War I | World War II | Korean War | Vietnam War | Gulf War
74%
When must all men register for the Selective Service? 18
73%
Who did the United States fight in World War II? Japan, Germany, and Italy
72%
The Federalist Papers supported the passage of the U.S. Constitution. Name one of the writers. James Madison | Alexander Hamilton | John Jay | Publius
71%
What stops one branch of government from becoming too powerful? Checks and Balances | Separation of Powers
70%
What is one responsibility that is only for United States citizens? Serve on a jury / Vote in a federal election
70%
What are the two parts of the U.S. Congress? Senate | House of Representatives
69%
Who was President during the Great Depression and World War II? Franklin D. Roosevelt
68%
What did the Emancipation Proclamation do? Freed the slaves
67%
When was the Declaration of Independence adopted? [Full date, MM/DD/YYYY] July 4, 1776
67%
Before he was President, Eisenhower was a general. What war was he in? World War II
66%
Name one U.S. state that borders Mexico. California | Arizona | New Mexico | Texas
65%
Name one state that borders Canada. Maine | New Hampshire | Vermont | New York +9 more
65%
What ocean is on the East Coast of the United States? Atlantic
64%
Where is the Statue of Liberty? Liberty Island
64%
What ocean is on the West Coast of the United States? Pacific
64%
Name one U.S. territory. Puerto Rico | U.S. Virgin Islands | American Samoa | Northern Mariana Islands | Guam
64%
What is the capital of the United States? Washington D.C.
64%
Name one of the two longest rivers in the United States. Missouri | Mississippi
63%
Who was President during World War I? Woodrow Wilson
63%
Name one American Indian tribe in the United States. Cherokee | Navajo | Sioux +19 more
62%
What movement tried to end racial discrimination? Civil Rights
62%
During the Cold War, what was the main concern of the United States? Communism
62%
Why does the flag have 50 stars? One star for each state
62%
Name one right only for United States citizens. Vote in a federal election / Run for federal office
60%
When do we celebrate Independence Day? July 4
59%
What is the name of the national anthem? The Star-Spangled Banner
58%
When was the Constitution written? [Year only] 1787
56%
Why does the flag have 13 stripes? The 13 Colonies
56%
Under our Constitution, some powers belong to the federal government. What is one power of the federal government? Print money | Declare war | Create an army | Make treaties
54%
When is the last day you can send in federal income tax forms? April 15
50%
What are two rights in the Declaration of Independence? Life | Liberty | Pursuit of Happiness
50%
What is the name of the Speaker of the House of Representatives now? Mike Johnson
50%
Name two national U.S. holidays. New Year’s Day | Martin Luther King, Jr. Day | Presidents’ Day +7 more
49%
The House of Representatives has how many voting members? 435
47%
Who is the Chief Justice of the United States now? John G. Roberts, Jr.
42%
No matching quizzes found
Score Distribution
Percent of People with Each Score
Percentile by Number Answered
Your Score History
You have not taken this quiz since the last reset